Riconosci il Pokémon - Quiz n°153 - Statistics

Statistiche generali
  • Questo quiz è stato fatto 1 volte
  • Il punteggio medio è 0 su 10
Statistiche sulle risposte
Indizio Risposta % Corretto
Altezza 0,7 m; 1,4 m (Dominante)
0%
Tasso di cattura 127 (26%)
0%
Peso 14,2 kg; 60,0 kg (Dominante)
0%
Sesso 50% ♂, 50% ♀
0%
Pokémon Gumshoos
0%
Tasso di allevamento Medio-Veloce
0%
Tipo Normale
0%
Stadio evoluzione Prima evoluzione
0%
Generazione Settima
0%
Abilità Sorveglianza; Ferromascella; Adattabilità
0%
Nessun quiz corrispondente trovato
Distribuzione punteggi
Percentuale di utenti per punteggio
Percentile per numero di risposta
I tuoi punteggi nel tempo
Non hai fatto questo quiz